| 000 | 004040000a22001570004500 | ||
|---|---|---|---|
| 001 | 000063 | ||
| 003 | MACL | ||
| 040 | _aMACL | ||
| 090 |
_c63 _d63 |
||
| 100 | _aMathew, K.S. | ||
| 245 |
_aShip B̜uilding And Navigation In The Indian Ocean Region _bAD 1400-1800 _cK.S. Mathew |
||
| 260 |
_aMunshiram manoharlal Publishers, _c1997 |
||
| 350 | _a375 | ||
| 650 | _aSocial Science | ||
| 942 |
_cBOOK _k387.54/MAT |
||
| 999 |
_c49370 _d49370 |
||